|
|
|
|
| LEADER |
00000nam a2200000 a 4500 |
| 001 |
vtls008380440 |
| 003 |
SK-MaSNL |
| 005 |
20260302041643.0 |
| 008 |
180812s1919 xo hun |
| 015 |
|
|
|a SKSNBA19191938-005367
|
| 035 |
|
|
|a SK01SNKBIKKM20010072657
|
| 035 |
|
|
|a SKM000075120
|
| 040 |
|
|
|a SNK
|b slo
|c SNK
|e AACR2
|
| 041 |
0 |
|
|a hun
|
| 044 |
|
|
|a xo
|c SK
|
| 080 |
|
|
|a 372
|2 1981
|
| 100 |
1 |
|
|a Krajňák, Eduard, 1848-1924
|4 aut
|9 177230
|
| 245 |
1 |
0 |
|a Szlovák nyelvtan
|c Krajnyák Eduárd
|
| 260 |
|
|
|a Pozsony
|b Angermayer Károly
|c 1919
|e Pozsony
|f Angermayer Károly
|
| 300 |
|
|
|a viii, 92 s.
|c 16 cm
|
| 504 |
|
|
|a Úvod
|
| 650 |
0 |
7 |
|a slovenčina
|2 SNKPH
|9 1350
|
| 655 |
|
7 |
|a učebnice
|2 SNKPH
|9 22521
|
| 710 |
0 |
|
|a Angermayer, Karol a Ľudovít (firma)
|4 prt
|9 145621
|
| 752 |
|
|
|a Slovensko
|d Bratislava
|
| 852 |
|
|
|a SNK
|p SD 15192
|
| 958 |
|
|
|a ONDV
|
| 999 |
|
|
|c 1079668
|d 1081598
|
| 952 |
|
|
|a SNK
|b SNK
|y PREZ
|7 0
|p 17A0565966
|o snkSD 15192
|i snk2840/58
|0 0
|1 0
|4 0
|d 2007-11-08
|l 0
|r 2025-11-28 00:00:00
|w 2026-02-24
|
| 952 |
|
|
|a SNK
|b SNK
|y VYP
|7 0
|p 17A1301227
|o snkSD 15192 D1
|i snkD 200/1968
|8 1
|0 0
|1 0
|4 0
|d 2018-06-27
|l 0
|r 2026-02-24 16:21:54
|w 2026-02-24
|
| 952 |
|
|
|a SNK
|b SNK
|y VYP
|7 0
|p 17A1301228
|o snkSD 15192 D2
|i snkK 5384/1971
|8 3
|0 0
|1 0
|4 0
|d 2018-06-27
|l 0
|r 2026-02-24 16:21:54
|w 2026-02-24
|